000 00364nam a22001337a 4500
008 250429b |||||||| |||| 00| 0 eng d
020 _a9789785024869
050 _aJS 7656
_b.E54
100 _aEneanya Nduka Augustine
245 _aLocal Government Administration In Nigeria
260 _aNigeria
_bUniversity Of Lagos Press
_c2015
300 _a299p.
942 _cBK
999 _c3268
_d3268